[Event "Benidorm FEDC op 20th"]
[Site "Benidorm"]
[Date "2018.06.11"]
[Round "2"]
[White "Becerro Rio, Esteban"]
[Black "Morales Rubiella, Albert"]
[Result "1/2-1/2"]
[WhiteElo "1120"]
[BlackElo "1391"]
[PlyCount "40"]
[EventDate "2018.06.10"]
[EventType "swiss"]
[EventRounds "7"]
[EventCountry "ESP"]
[SourceTitle "CBM 184 Extra"]
[Source "ChessBase"]
[SourceDate "2018.06.28"]
[SourceVersion "1"]
[SourceVersionDate "2018.06.28"]
[SourceQuality "1"]

1. e4 e5 2. Nf3 Nc6 3. Bc4 Bc5 4. 0-0 d6 5. d3 Na5 6. Bb5+ c6 7. Ba4 b5 8. Bb3 Nxb3 9. axb3 Bb6 10. c4 Nf6 11. d4 exd4 12. Nxd4 Bxd4 13. Qxd4 0-0 14. Rd1 bxc4 15. Qxd6 Qxd6 16. Rxd6 cxb3 17. Rxc6 Nxe4 18. Be3 Be6 19. Rxa7 Rxa7 20. Bxa7 Rc8 1/2-1/2

[Event "ESP-ch FEDC 26th"]
[Site "Ciudad Real"]
[Date "2017.11.19"]
[Round "8.27"]
[White "Becerro Rio, Esteban"]
[Black "Montilla Bejarano, Carmen"]
[Result "1-0"]
[WhiteElo "1051"]
[BlackElo "1165"]
[PlyCount "57"]
[EventDate "2017.11.12"]
[EventType "swiss"]
[EventRounds "8"]
[EventCountry "ESP"]
[SourceTitle "EXT 2024"]
[Source "ChessBase"]
[SourceDate "2023.10.10"]
[SourceVersion "1"]
[SourceVersionDate "2023.10.10"]
[SourceQuality "1"]

1. e4 e5 2. Nf3 Nc6 3. Bc4 d6 4. d3 b6 5. a3 Bg4 6. Bd5 Nd4 7. Bxa8 Qf6 8. Nbd2 g6 9. h3 Be6 10. Nxd4 exd4 11. Qf3 Qd8 12. Bd5 Qe7 13. Bxe6 Qxe6 14. b4 d5 15. Bb2 Bg7 16. a4 Ne7 17. a5 b5 18. 0-0 0-0 19. Rfe1 Qc6 20. Rac1 dxe4 21. Qxe4 Qd7 22. Qxe7 Qxe7 23. Rxe7 Bf6 24. Rxc7 Bg5 25. Rd1 Re8 26. Nf3 Bf4 27. Rxa7 Re2 28. Bxd4 Rxc2 29. Ra8+ 1-0

[Event "Almunecar FEDC op 19th"]
[Site "Almunecar"]
[Date "2017.10.05"]
[Round "6.20"]
[White "Becerro Rio, Esteban"]
[Black "Garrido Busto, Francisco"]
[Result "0-1"]
[WhiteElo "1032"]
[BlackElo "1483"]
[PlyCount "54"]
[EventDate "2017.09.30"]
[EventType "swiss"]
[EventRounds "7"]
[EventCountry "ESP"]
[SourceTitle "EXT 2024"]
[Source "ChessBase"]
[SourceDate "2023.10.10"]
[SourceVersion "1"]
[SourceVersionDate "2023.10.10"]
[SourceQuality "1"]

1. e4 c6 2. d4 d5 3. Nc3 dxe4 4. Nxe4 Bf5 5. Ng3 Bg6 6. Nf3 Nd7 7. Bd3 Bxd3 8. Qxd3 Ngf6 9. Ne5 e6 10. Nxd7 Qxd7 11. Ne4 Be7 12. Nc5 Qc7 13. g3 Rd8 14. Bf4 Qb6 15. Nb3 0-0 16. 0-0 Rd7 17. Nc5 Bxc5 18. Qb3 Qxb3 19. axb3 Bxd4 20. Be3 Bxe3 21. fxe3 a6 22. c4 Rfd8 23. b4 Rd2 24. Rf2 Rxf2 25. Kxf2 Rd2+ 26. Kf3 Rxb2 27. Rd1 g6 0-1